000 00363nam a2200145Ia 4500
008 240729s9999 xx 000 0 und d
022 _a2295-3159
245 0 _aFrontline Learning Research
260 _aBelgium
260 _bEARLI
650 _aEducation
856 _uhttps://doaj.org/toc/57a3e3f577324d318741d927860dcc8c
942 _2ddc
942 _cDOAJEJ
999 _c72146
_d72146
945 _a1
_bMadushi Gamage
_c1
_dMadushi Gamage